| 000 | 01540nam a2200349 a 4500 | ||
|---|---|---|---|
| 001 | ebr10590353 | ||
| 003 | CaPaEBR | ||
| 006 | m u | ||
| 007 | cr cn||||||||| | ||
| 008 | 120824s1960 gw sb 001 0 lat d | ||
| 020 | _z9783111251608 | ||
| 020 | _z9783111630878 (e-book) | ||
| 040 |
_aCaPaEBR _cCaPaEBR |
||
| 035 | _a(OCoLC)811396144 | ||
| 041 | 1 |
_alat _hgre |
|
| 050 | 1 | 4 |
_aB701.A4 _bL38 1960eb |
| 100 | 0 |
_aProclus, _dca. 410-485. |
|
| 245 | 1 | 0 |
_aProcli Diadochi Tria Opuscula _h[electronic resource] : _bde Providentia, Libertate, Malo : Latine Guilelmo de Moerbeka Vertente et Graece Ex Isaacii Sebastocratoris Aliorumque Scriptis Collecta / _c[ed. H. Boese]. |
| 246 | 3 | _aProcli opuscula | |
| 260 |
_aBerlin : _bDe Gruyter, _c1960. |
||
| 300 | _axxxi, 343 p. | ||
| 490 | 1 |
_aQuellen und Studien zur Geschichte der Philosophie ; _v1 |
|
| 504 | _aIncludes bibliographical references and indexes. | ||
| 533 |
_aElectronic reproduction. _bPalo Alto, Calif. : _cebrary, _d2011. _nAvailable via World Wide Web. _nAccess may be limited to ebrary affiliated libraries. |
||
| 600 | 0 | 0 |
_aProclus, _dca. 410-485. _tTria opuscula. |
| 600 | 0 | 0 |
_aProclus, _dca. 410-485 _xTranslations into Latin _xHistory and criticism. |
| 655 | 7 |
_aElectronic books. _2local |
|
| 700 | 1 | _aBoese, Helmut. | |
| 710 | 2 | _aebrary, Inc. | |
| 830 | 0 |
_aQuellen und Studien zur Geschichte der Philosophie ; _vBd. 1. |
|
| 856 | 4 | 0 |
_uhttp://site.ebrary.com/lib/rucke/Doc?id=10590353 _zAn electronic book accessible through the World Wide Web; click to view |
| 999 |
_c105223 _d105223 |
||